000
00188 a2200097 4500
001
45343
100
_a
245
_a
The book of knowledge
260
_a
_b
Dean
_c
090
_c
28511
_d
28511
942
_a
NUST-CAE
_c
M
_c
20571
999
_c
280416
_d
280416